| 000 | 00940nam a22002297a 4500 | ||
|---|---|---|---|
| 999 |
_c42422 _d42422 |
||
| 005 | 20251125232942.0 | ||
| 008 | th tha d | ||
| 040 | _aNALT | ||
| 041 | _atha | ||
| 050 |
_aHV6485.T5 _bจ783ค |
||
| 100 | 0 | _aเจิมศักดิ์ ปิ่นทอง | |
| 245 | 1 | 0 | _a"ความจริงที่ตากใบ" ไร้มนุษยธรรม ความชอบธรรมสิ้นสูญ |
| 260 | 3 |
_aม.ป.ท. : _bฃอคิดด้วยฅน, _cม.ป.ป. |
|
| 300 |
_a8 หน้า ; _b21 ซม. |
||
| 650 | 0 | 4 | _aการควบคุมฝูงชน -- ตากใบ |
| 650 | 0 | 4 | _aความรุนแรง -- ตากใบ |
| 650 | 0 | 4 | _aฝูงชน -- การสลาย |
| 650 | 0 | 4 | _aการจราจล -- ตากใบ |
| 850 | _aNALT | ||
| 856 | 4 | 0 |
_uhttps://hdl.handle.net/20.500.14156/424309 _71 |
| 942 |
_cGB _2lcc |
||